| 000 | 02269cam a2200517 i 4500 | ||
|---|---|---|---|
| 999 |
_c3964 _d3964 |
||
| 001 | 420368 | ||
| 003 | OSt | ||
| 005 | 20241128092714.0 | ||
| 008 | 230728t20232023nyua j 6 000 1 eng d | ||
| 020 |
_a9781338801910 _q(hbk.) : |
||
| 040 |
_beng _cAACR2 _dKH8 |
||
| 041 | 0 | _aeng | |
| 042 | _anbic | ||
| 082 | 0 | _a741.50 PIL | |
| 100 | 1 |
_aPilkey, Dav, _d1966- _eaut., _eill. |
|
| 245 | 1 | 0 |
_aDog Man :Twenty thousand fleas under the sea / _cwritten and illustrated by Dav Pilkey as George Beard and HaroldHutchins ; with color by Jose Garibaldi & Wes Dzioba. |
| 246 | 3 | 0 | _a20,000 fleas under the sea. |
| 246 | 3 | 0 | _aDog Man. |
| 246 | 3 | 0 | _aTwenty thousand fleas under the sea |
| 250 | _a1st ed. | ||
| 260 | 4 |
_aNew York, NY : _bGraphix, of Scholastic, _c2023. |
|
| 300 |
_a237 p. : _bchiefly col. ill. ; _c22 cm. |
||
| 490 | 1 |
_aDog Man ; _v11. |
|
| 500 | _aIncludes How to Draw Mike the Fly and How to Draw Molly. | ||
| 500 | _aIncludes Notes & Fun Facts page. | ||
| 500 | _aAt head of t.p.: Treehouse Comix proudly presents. | ||
| 520 | _a"Piggy is back, and his newest plot is his most diabolicalyet. Dog Man and the rest of your favorite charactersmust join together. What new villains are on the horizon?Where are they all coming from? And who will step forwardto save the city when scoundrels sabotage our SupaBuddies?" --Publisher. | ||
| 600 | 1 | 0 |
_aDog Man _c(Fictitious character) _vComic books, strips, etc. _vJuvenile fiction. |
| 650 | 0 |
_aGraphic novels _vJuvenile fiction. |
|
| 650 | 0 |
_aDogs _vComic books, strips, etc. _vJuvenile fiction. |
|
| 650 | 0 |
_aCats _vComic books, strips, etc. _vJuvenile fiction. |
|
| 650 | 0 |
_aPolice _vComic books, strips, etc. _vJuvenile fiction. |
|
| 650 | 0 |
_aSwine _vComic books, strips, etc. _vJuvenile fiction. |
|
| 650 | 0 |
_aSupervillains _vComic books, strips, etc. _vJuvenilefiction. |
|
| 650 | 0 |
_aChildren's stories _vComic books, strips, etc. |
|
| 650 | 0 | _aComic books, strips, etc. | |
| 655 | 1 | _aAdventure stories. | |
| 655 | 1 | _aHumorous stories. | |
| 655 | 7 |
_aAction and adventure comics. _2lcgft. |
|
| 655 | 7 |
_aHumorous comics. _2lcgft. |
|
| 655 | 7 |
_aGraphic novels. _2lcgft. |
|
| 700 | 1 |
_aGaribaldi, Jose, _ecolorist. |
|
| 700 | 1 |
_aDzioba, Wes, _ecolorist. |
|
| 830 | 0 | _aDog Man. | |
| 942 |
_2ddc _cNFIC |
||